Statistics for Life Of The Party - Shawn Mendes (All Lyrics)

Click here to take the quiz!

General Stats

  • This quiz has been taken 214 times
  • The average score is 311 of 351

Answer Stats

Life Of The Party% Correct
be
99%
Verse 1I
99%
the
99%
you
99%
of
98%
party
98%
So
98%
so
98%
do
97%
don't
97%
have
97%
Life
97%
life
97%
We
97%
we
97%
baby
96%
to
96%
it
94%
your
94%
sorry
93%
cause
92%
Cause
92%
no
92%
there
92%
what
92%
when
92%
love
91%
say
91%
time
91%
care
90%
go
90%
just
89%
Make
89%
ordinary
89%
like
88%
mistakes
88%
people
88%
best
87%
dance
87%
them
87%
there's
87%
There's
87%
nobody
86%
take
85%
are
84%
afraid
83%
want
83%
let
81%
Let
81%
said
81%
scary
80%
I'm
78%
might
77%
all
76%
break
76%
gets
75%
in
75%
shot
75%
gonna
74%
Hearts
74%
telling
73%
hard
71%
one
71%
know
69%
out
69%
can
68%
home
66%
late
66%
that
65%
here
63%
way
63%
Pretend
62%
tonight
62%
BridgeCome
59%
come
59%
else
58%
standing
57%
Slow
55%
yeah
54%
OutroYeah
54%
Oh
53%
Verse 2Together
53%
as
47%
down
47%
up
46%
can't
45%
club
45%
plays
44%
fall
43%
track
42%
give
41%
keep
38%

Score Distribution

Percentile by Number Answered

Percent of People with Each Score

Your Score History

You have not taken this quiz